Nicaragua : (Registro nro. 7986)

Detalles MARC
000 -LEADER
fixed length control field 01001nam a2200229Ia 4500
003 - CONTROL NUMBER IDENTIFIER
control field OSt
005 - DATE AND TIME OF LATEST TRANSACTION
control field 20210613182401.0
008 - FIXED-LENGTH DATA ELEMENTS--GENERAL INFORMATION
fixed length control field 210310s1997 eu ab gr 000 0 eng d
040 ## - CATALOGING SOURCE
Original cataloging agency CO-JMCR
Transcribing agency CO-JMCR
041 0# - LANGUAGE CODE
Language code of text/sound track or separate title eng
082 04 - DEWEY DECIMAL CLASSIFICATION NUMBER
Classification number 333.72 /
Item number W927n
Edition number 23
110 2# - MAIN ENTRY--CORPORATE NAME
Corporate name or jurisdiction name as entry element The World Bank
9 (RLIN) 9685
245 10 - TITLE STATEMENT
Title Nicaragua :
Remainder of title Atlantic biological corridor project /
Statement of responsibility, etc. The World Bank
260 ## - PUBLICATION, DISTRIBUTION, ETC.
Place of publication, distribution, etc. Washington :
Name of publisher, distributor, etc. Global environment facility,
Date of publication, distribution, etc. 1997
300 ## - PHYSICAL DESCRIPTION
Extent 3 hojas plegables, 133 páginas :
Other physical details ilustraciones y mapas a color ;
Dimensions 28 cm.
490 0# - SERIES STATEMENT
Series statement Documento de proyecto (Fondo para el Medio Ambiente Mundial)
505 0# - FORMATTED CONTENTS NOTE
Formatted contents note Background -- The project -- Project costs and financing -- Project organization and implementation -- Project justification -- Agreed actions and recommendations
650 14 - SUBJECT ADDED ENTRY--TOPICAL TERM
Topical term or geographic name entry element Conservación de la biodiversidad
9 (RLIN) 16008
Geographic subdivision Nicaragua
650 24 - SUBJECT ADDED ENTRY--TOPICAL TERM
Topical term or geographic name entry element Conservación de recursos naturales
Geographic subdivision Nicaragua
9 (RLIN) 38350
650 24 - SUBJECT ADDED ENTRY--TOPICAL TERM
Topical term or geographic name entry element Inversiones Extranjeras
Geographic subdivision Nicaragua
9 (RLIN) 38351
942 ## - ADDED ENTRY ELEMENTS (KOHA)
Source of classification or shelving scheme Dewey Decimal Classification
Koha item type Books
Existencias
Withdrawn status Lost status Source of classification or shelving scheme Damaged status Not for loan Collection code Home library Current library Date acquired Source of acquisition Full call number Barcode Date last seen Copy number Koha item type
    Dewey Decimal Classification     Non-fiction Biblioteca Pública José María del Castillo y Rada Biblioteca Pública José María del Castillo y Rada 04/15/2018 Donación 333.72 / W927n 430001473 05/16/2024 Ej.1 Books